Histoire de France de A à Z - Statistiques

Statistiques générales
  • Ce quiz a été pris 544 fois
    499 depuis la dernière actualisation
  • Le résultat moyen est 17 sur 26
Statistiques - réponses
Lettres Questions Réponses % Correct
B Elle fut prise par les révolutionnaires en 1789. Bastille
99%
E Palais faisant office de résidence officielle du Président de la République depuis 1848 Elysée
95%
A La guerre de Cent Ans a opposé la France à quel pays ? L'Angleterre
94%
C Qui fut le premier roi des Francs Clovis
92%
L Il était surnommé le “Roi Soleil”. Louis XIV
92%
J Héroïne nationale française qui a conduit les troupes françaises à la victoire à Orléans en 1429. Jeanne d’Arc
91%
F Quel roi a instauré l’Édit de Villers-Cotterêts, qui imposait l’usage du français dans les documents officiels ? François 1er
88%
O Jeanne d’Arc était surnommée la pucelle d’______. Orléans
88%
N Quel empereur français a été exilé à Sainte-Hélène ? Napoléon Bonaparte
86%
W Quelle bataille a mis fin au règne de Napoléon en 1815 ? Waterloo
83%
H Quel roi de France a signé l’Édit de Nantes, mettant fin aux guerres de religion en France ? Henri IV
82%
Z Nom de l’écrivain auteur du célèbre J’accuse en 1898 lors de l’affaire Dreyfus. Emile Zola
80%
V Il fut vaincu par Jules César à Alésia en 52 av. J.-C. Vercingétorix
79%
D Quel philosophe français est connu pour sa célèbre maxime “Je pense, donc je suis” ? René Descartes
76%
M Bataille qui eut lieu en 1515 et fit 15 000 morts. Marignan
73%
P Quelle est la célèbre bataille de 732 où Charles Martel a arrêté l’invasion des forces musulmanes en France ? Bataille de Poitiers
59%
Q Régime en vigueur du 27 octobre 1946 au 4 octobre 1958. Quatrième république
59%
S Quelle femme politique est devenue la première présidente du Parlement européen en 1979 ?lu en 2007. Simone Veil
54%
I Prénom de Mme Joliot-Curie, une des trois premières femmes membres d’un gouvernement français et prix Nobel de chimie en 1935. Irène
53%
Y Romancière, première femme élue membre de l’Académie française, en 1980. Marguerite Yourcenar
38%
G Commune normande abritant la maison et les jardins de Claude Monet Giverny
35%
X Roi de France de 1824 à 1830, connu pour son règne conservateur et sa chute lors de la Révolution de Juillet. Charles X
34%
K Îles situées dans un archipel de l’océan Indien austral, et devant leur nom à ce officier de marine français du 18ème siècle prénommé Yves-Joseph. Kerguelen
30%
T Quel surnom fut donner au Roi Charles 1er roi d'Angleterre pour sa cruauté . Charles le Tyran
25%
U Quelle bataille célèbre a eu lieu en 1805 ? Bataille de Ulm
15%
R Quel roi de France a été surnommé “le Sage” ? Robert II
8%
Aucun quiz correspondant
Distribution des résultats
% des personnes avec chaque résultat
Percentile par nombre de réponses
Votre historique - résultats
Vous n’avez pas pris ce quiz depuis la dernière actualisation